| 000 | 00774nam a2200205Ii 4500 | ||
|---|---|---|---|
| 003 | JO-AjNU | ||
| 008 | 230605s9999||||xx |||||||||||||| ||und|| | ||
| 040 |
_aJO-AjNU _bara _erda _cJO-AjNU |
||
| 041 | _aara | ||
| 050 | 1 | 4 | _aDT199.S357.2019 |
| 100 | 3 |
_aتاليف: السامرائي، فراس سليم, _eauthor _960744 |
|
| 245 | 0 | 0 | _aتاريخ المغرب العربي |
| 250 | _aالطبعة الاولي | ||
| 264 | 3 | 1 | _aعمان: دار الرضوان للنشر والتوزيع، 2019 |
| 300 |
_a184ص _b ويحتوي على ملاحق و قائمة مراجع من ص159ص- 184ص |
||
| 336 |
_atext _btxt _2rdacontent |
||
| 337 |
_aunmediated _bn _2rdamedia |
||
| 338 |
_avolume _bnc _2rdacarrier |
||
| 650 | 4 |
_aالمغرب العربي - تاريخ _960745 |
|
| 999 |
_aA27412 _c30980 _d30980 |
||